|
|
|
|
| LEADER |
00000ncm a2200000 a 4500 |
| 001 |
vtls001458458 |
| 003 |
SK-MaSNL |
| 005 |
20260331204541.0 |
| 008 |
160801s2003 xo bab --0 slo |
| 015 |
|
|
|a SNBH2004/01-00299
|
| 020 |
|
|
|a 8080511993
|
| 035 |
|
|
|a SNK000413765
|
| 040 |
|
|
|a SNK
|b slo
|c SNK
|e AACR2
|
| 044 |
|
|
|a xo
|c SK
|
| 072 |
|
7 |
|a 786
|2 konspekt
|
| 080 |
|
|
|a 78.083.1:786.2
|2 1981
|
| 080 |
|
|
|a 786.2.087.5
|2 2. slo
|
| 100 |
1 |
|
|a Suchoň, Eugen,
|d 1908-1993
|4 skl
|9 107916
|
| 245 |
1 |
|
|a Keď sa vlci zišli
|h hudobnina
|b malá ľudová rozprávka pre deti z cyklu Obrázky zo Slovenska
|c Eugen Suchoň : piano solo
|
| 250 |
|
|
|a 1. vyd.
|
| 260 |
|
|
|a Bratislava
|b Hudobný fond
|c 2003
|
| 300 |
|
|
|a 1 partitúra (11 s.)
|c 30 cm
|
| 500 |
|
|
|a 500 výt.
|
| 505 |
0 |
|
|a Obsahuje 4 časti
|
| 650 |
0 |
7 |
|a inštruktívne skladby (klavír)
|2 SNK
|9 68034
|
| 650 |
0 |
7 |
|a inštruktívna tvorba
|x rozprávky
|x klavír
|2 SNK
|9 586521
|
| 650 |
0 |
7 |
|a rozprávky
|x klavír
|2 SNK
|9 586522
|
| 650 |
0 |
7 |
|a hudba pre klávesové nástroje
|2 konspekt
|9 3433
|
| 655 |
|
7 |
|a HHU
|2 SNK
|9 283804
|
| 655 |
|
7 |
|a partitúry pre sólový nástroj
|2 SNK
|9 70508
|
| 919 |
|
|
|a 80-8051-199-3
|
| 924 |
|
|
|a klavír
|
| 999 |
|
|
|c 902004
|d 903934
|
| 952 |
|
|
|t P60, <03>, [BOOK], {603}
|a SNK
|b SNK
|y PREZ
|7 0
|p 17A0393762
|o snkHSB 3653
|i snkKSP 10542/2003
|0 0
|1 0
|4 0
|d 2003-08-19
|l 0
|r 2005-01-02 00:00:00
|w 2026-02-24
|
| 952 |
|
|
|t P60, <04>, [BOOK], {604}
|a SNK
|b SNK
|y VYP
|7 0
|p 17A0393763
|o snkHSB 3653 D1
|i snkKSP 10543/2003
|0 0
|1 0
|4 0
|d 2003-08-19
|l 0
|r 2005-01-02 00:00:00
|w 2026-02-24
|